LEADER 01467nam a2200361 a 4500 001 000000149276 003 CaOOAMICUS 005 20160210105606.0 008 160210s2007 nyu u000 u eng r 020 $a9780231141062* 032 $aLibriCat 040 $aPUL$bita 082 04$a179 100 1 $aSandler, Ronald L.$0(OLS)http://pul/name/95201 245 10$aCharacter and environment :$ba virtue-oriented approach to environmental ethics /$cRonald L. Sandler. 260 $aNew York :$bColumbia University Press,$c©2007. 300 $axii, 201 p. ;$c23 cm. 504 $aBibliografia p. [179]-194. 650 4$aEtica e economia.$0(OLS)http://pul/subject/11804 650 4$aEtica sociale.$0(OLS)http://pul/subject/548 850 $aPUL 852 $aPUL$W1$xSL Filosofia 3$y81$m179 SANRO 1$j171928$qDDC 21$B173519$CPULBib$Z2$F173519 $H127041 $81 941 1 $a9 960 $aEconomia e morale$911804 960 $aEconomia e morale$911804 960 $aEtica economica$911804 960 $aEtica degli affari$911804 960 $aFinanza etica$911804 996 $6020$a9780231141062*$9(OLS)http://pul/number/159610 996 $6082$a179$9(OLS)http://pul/classification/72 996 $6245$aCharacter and environment :$ba virtue-oriented approach to environmental ethics$9(OLS)http://pul/title/188207 996 $6260$aNew York :$bColumbia University Press$9(OLS)http://pul/publisher/50551 LEADER 01485nam a2200361 a 4500 001 000000123380 003 CaOOAMICUS 005 20101014150015.0 008 101014t2010 it u000 u ita r 020 $a978-88-420-6514-2 040 $aPUL$bita 041 1 $aita$heng 082 04$a303.44 100 1 $aBauman, Zygmunt,$d1925-2017.$0(OLS)http://pul/name/31901 240 10$aLiquid modernity.$lItaliano.$0(OLS)http://pul/title/155498 245 10$aModernità liquida /$cZygmunt Bauman ; traduzione di Sergio Minucci. 250 $a16. ed. 260 $aRoma ; Bari :$bEditori Laterza,$c©2010. 300 $aXXII, 272 p. ;$c21 cm. 490 1 $aSagittari Laterza ;$v133 504 $aInclude riferimenti bibliografici ed indice. 650 4$aSociologia$xStudi.$0(OLS)http://pul/subject/6921 650 4$aModernismo.$0(OLS)http://pul/subject/4140 700 1 $aMinucci, Sergio.$0(OLS)http://pul/name/64548 830 0$aSagittari Laterza ;$v133.$0(OLS)http://pul/title/18022 850 $aPUL 852 $aPUL$W1$xSL Diritto e Scienze Sociali 3$y79$m303. 44 BAUZY 2$j142007$qDDC 21$q $B140973$CPULBib$Z2$F140973 $H114907 $81 941 1 $a9 996 $6020$a978-88-420-6514-2$9(OLS)http://pul/number/145645 996 $6082$a303.44$9(OLS)http://pul/classification/624 996 $6245$aModernità liquida$9(OLS)http://pul/title/155499 996 $6260$aRoma ; Bari :$bEditori Laterza$9(OLS)http://pul/publisher/61082